00662 2200241 4500001002100000005001500021035002000036007000300056008004100059020002200100082001200122084001800134100001900152245004500171250001000216260003200226300003000258600003200288990002500320990002500345990002500370990002500395INLIS00000000000250420260601054632 a0010-0220000355ta260601 0  a978-602-250-141-1 a398.223 a398.223 EMM p0 aEmmy Soekresno1 aPencarian Sang Menteri /cEmmy Soekresno aCet.1 aDepok :bGema Insani,c2013 a68 hlm. :bilus. ;c27 Cm 4aAdat Istiadat dan Kebiasaan a32.066/APBD/PPK/2019 a32.063/APBD/DPK/2019 a32.064/APBD/DPK/2019 a32.065/APBD/DPK/2019